| 000 | 00978nam a22003017a 4500 | ||
|---|---|---|---|
| 001 | BR0903120 | ||
| 003 | BR-BrBNA | ||
| 005 | 20230928103011.0 | ||
| 007 | ta | ||
| 008 | 230509b bl.||||| |||| 00| 0 por d | ||
| 040 |
_aBR-BrBNA _bpor _cBiblioteca Nacional de Agricultura |
||
| 041 | _a(Por) | ||
| 072 | _aS30; S40 | ||
| 090 | _ S30 BR0903120 | ||
| 110 | 1 | _aConselho Nacional de Segurança Alimentar e Nutricional, Brasília, DF (Brasil) | |
| 111 | 1 |
_a2. Conferência Nacional de Segurança Alimentar e Nutricional _cOlinda, PE (Brazil) _d17-20 mar 2004 |
|
| 245 | 1 | _a2. Conferência Nacional de Segurança Alimentar e Nutricional | |
| 260 | 3 |
_aBrasília, DF (Brasil): _c2004. |
|
| 300 | _a103 p. | ||
| 650 | _aALIMENTAÇÃO | ||
| 650 | _aSEGURANÇA ALIMENTAR | ||
| 650 | _aNUTRIÇÃO HUMANA | ||
| 650 | _aDESENVOLVIMENTO AGRÍCOLA | ||
| 650 | _aPROGRAMA DE NUTRIÇÃO | ||
| 650 | _aPOLÍTICA NACIONAL | ||
| 909 |
_a202309 _bLucia _c55 _dLucia Elande |
||
| 942 | _cBK | ||
| 999 |
_c73294 _d73294 |
||